| 000 | 01039nam0a22002531 4500 | ||
|---|---|---|---|
| 001 | rc\335686 | ||
| 005 | 20260419030928.0 | ||
| 035 | _a(NLR Aleph) 005570694 | ||
| 090 |
_a6008696 _c6008696 |
||
| 100 | _a20030307d1989 |||y0rusy50 ca | ||
| 101 | 0 | _arus | |
| 102 | _aRU | ||
| 105 | _aa ||||||||| | ||
| 200 | 1 |
_aИСПОЛЬЗОВАНИЕ ЭВМ в учебном процессе _e(Метод. рекомендации для учителей химии) _fМ-во нар. образования УССР, Мелитоп. гос. пед. ин-т _g[Сост. Н.Н. Воронцова и др.] |
|
| 210 |
_aМелитополь _cМГПИ _d1989 |
||
| 215 |
_a43 с. _cил. _d20 |
||
| 320 | _aБиблиогр.: с. 41-42 | ||
| 702 | 1 |
_aВоронцова _bН.Н. _gНина Николаевна _4220 |
|
| 712 | 0 | 2 |
_aМелитопольский педагогический институт _3RU\NLR\AUTH\889929836 _9355251 |
| 801 | 0 |
_aRU _bNLR _gpsbo |
|
| 801 | 1 |
_aRU _bELAR _2rusmarc |
|
| 852 |
_aNLR _j91-4/9297 |
||
| 942 | _cBOOK | ||
| 980 | _aNB | ||